[Event "Odoev-ch"]
[Site "Odoev"]
[Date "2018.06.05"]
[Round "9"]
[White "Shishkova, Olga"]
[Black "Sakhnenko, Ivan"]
[Result "1-0"]
[WhiteElo "2136"]
[BlackElo "2126"]
[PlyCount "63"]
[EventDate "2018.05.28"]
[EventType "swiss"]
[EventRounds "9"]
[EventCountry "RUS"]
[SourceTitle "EXT 2019"]
[Source "ChessBase"]
[SourceDate "2018.10.10"]
[SourceVersion "1"]
[SourceVersionDate "2018.10.10"]
[SourceQuality "1"]

1. d4 d6 2. c4 Nf6 3. Nc3 Nbd7 4. e4 e5 5. Nge2 g6 6. f3 exd4 7. Nxd4 Bg7 8. Bg5 h6 9. Be3 0-0 10. Qd2 Ne5 11. 0-0-0 Kh7 12. h4 a6 13. h5 g5 14. Qc2 Be6 15. c5 Nfd7 16. Nf5 Bxf5 17. exf5 Kg8 18. Kb1 Re8 19. cxd6 cxd6 20. Ne4 Bf8 21. Be2 Rc8 22. Qb3 b5 23. Nxd6 Bxd6 24. Rxd6 Rc6 25. Rxc6 Nxc6 26. Qc3 Qf6 27. Rc1 Qxc3 28. Rxc3 Nb4 29. Bd2 Rxe2 30. Rc8+ Kg7 31. Bxb4 Rxg2 32. Bc3+ 1-0

[Event "Odoev-ch"]
[Site "Odoev"]
[Date "2018.05.28"]
[Round "1"]
[White "Shishkova, Olga"]
[Black "Ismayilov, Ganjali"]
[Result "0-1"]
[WhiteElo "2136"]
[BlackElo "2389"]
[PlyCount "50"]
[EventDate "2018.05.28"]
[EventType "swiss"]
[EventRounds "9"]
[EventCountry "RUS"]
[SourceTitle "EXT 2019"]
[Source "ChessBase"]
[SourceDate "2018.10.10"]
[SourceVersion "1"]
[SourceVersionDate "2018.10.10"]
[SourceQuality "1"]

1. e4 e6 2. Nf3 d5 3. Nc3 Nf6 4. e5 Nfd7 5. d4 c5 6. Be3 Nc6 7. Be2 a6 8. Qd2 Be7 9. 0-0 0-0 10. Rad1 b5 11. a3 cxd4 12. Bxd4 Qc7 13. Rfe1 Ndxe5 14. Nxe5 Nxe5 15. Bxb5 Ng4 16. h3 Qh2+ 17. Kf1 axb5 18. hxg4 Ba6 19. b4 Bb7 20. Ra1 Rfc8 21. g3 f6 22. Rxe6 Bxb4 23. Re3 Rc4 24. Qd3 Bxc3 25. Bxc3 d4 0-1

[Event "Tula Rjazanov Memorial"]
[Site "Tula"]
[Date "2016.02.13"]
[Round "8"]
[White "Konovalov, Vladimir Ivanovich"]
[Black "Shishkova, Olga"]
[Result "1/2-1/2"]
[WhiteElo "2083"]
[BlackElo "2137"]
[PlyCount "96"]
[EventDate "2016.02.05"]
[EventType "swiss"]
[EventRounds "9"]
[EventCountry "RUS"]
[SourceTitle "CBM 171 Extra"]
[Source "ChessBase"]
[SourceDate "2016.04.26"]
[SourceVersion "1"]
[SourceVersionDate "2016.04.26"]
[SourceQuality "1"]

1. d4 d5 2. c4 e6 3. Nc3 Nf6 4. cxd5 exd5 5. Bg5 Be7 6. e3 0-0 7. Bd3 c6 8. Qc2 Nbd7 9. Nf3 Re8 10. 0-0 Nf8 11. Rae1 Ne4 12. Bxe7 Qxe7 13. Bxe4 dxe4 14. Nd2 f5 15. f3 exf3 16. Nxf3 Be6 17. e4 fxe4 18. Rxe4 Rad8 19. Rfe1 h6 20. Qe2 Qd6 21. Ne5 Bd5 22. Nxd5 Qxd5 23. b3 Nd7 24. Qe3 Re6 25. Nc4 Rxe4 26. Qxe4 Nf6 27. Qxd5+ Nxd5 28. Na5 Rb8 29. Re6 Kf7 30. Rd6 Nf6 31. Kf1 Ke8 32. Ke2 Nd5 33. Kd2 Ne7 34. Nc4 Nf5 35. Re6+ Kf7 36. Re4 Rd8 37. Ne5+ Kf6 38. Kd3 c5 39. Nf3 h5 40. Kc3 cxd4+ 41. Nxd4 Nxd4 42. Rxd4 Rc8+ 43. Kd2 Ke6 44. Ra4 a6 45. g4 Rh8 46. gxh5 Rxh5 47. h4 g5 48. hxg5 Rxg5 1/2-1/2

[Event "Tula Rjazanov Memorial"]
[Site "Tula"]
[Date "2016.02.08"]
[Round "3"]
[White "Shishkova, Olga"]
[Black "Elizavetenkov, Sergey"]
[Result "1-0"]
[WhiteElo "2137"]
[BlackElo "1914"]
[PlyCount "61"]
[EventDate "2016.02.05"]
[EventType "swiss"]
[EventRounds "9"]
[EventCountry "RUS"]
[SourceTitle "CBM 171 Extra"]
[Source "ChessBase"]
[SourceDate "2016.04.26"]
[SourceVersion "1"]
[SourceVersionDate "2016.04.26"]
[SourceQuality "1"]

1. e4 c5 2. Nf3 Nc6 3. d4 cxd4 4. Nxd4 d6 5. Nc3 Bd7 6. Be3 g6 7. Bc4 Bg7 8. Qd2 Nf6 9. f3 Rc8 10. Bb3 Na5 11. g4 Nc4 12. Bxc4 Rxc4 13. 0-0-0 0-0 14. h4 Bxg4 15. fxg4 Nxg4 16. Kb1 Nxe3 17. Qxe3 Qa5 18. h5 Qc5 19. Nd5 Re8 20. hxg6 hxg6 21. c3 e5 22. Qh3 exd4 23. Qh7+ Kf8 24. Rhf1 dxc3 25. Rxf7+ Kxf7 26. Rf1+ Ke6 27. Qh3+ Ke5 28. Qg3+ Kxe4 29. Qf3+ Ke5 30. Re1+ Kd4 31. Qd1# 1-0

[Event "RUS-chT Regions"]
[Site "Tula"]
[Date "2009.11.??"]
[Round "3"]
[White "Shishkova, Olga"]
[Black "Timofeeva, Ekaterina"]
[Result "0-1"]
[WhiteElo "2051"]
[BlackElo "2272"]
[PlyCount "54"]
[EventDate "2009.11.??"]
[EventType "team-tourn"]
[EventRounds "9"]
[EventCountry "RUS"]
[SourceTitle "EXT 2011"]
[Source "ChessBase"]
[SourceDate "2010.11.26"]
[SourceVersion "1"]
[SourceVersionDate "2010.11.26"]
[SourceQuality "1"]

1. e4 d6 2. d4 Nf6 3. Nc3 e5 4. Nf3 Nbd7 5. Bc4 Be7 6. 0-0 0-0 7. Re1 a6 8. a4 b6 9. Qe2 c6 10. Bg5 Qc7 11. d5 c5 12. Nh4 g6 13. Rad1 Qd8 14. Bh6 Re8 15. Qd2 Kh8 16. Nf3 Ng8 17. Bg5 f6 18. Be3 Bf8 19. h4 h6 20. Nh2 f5 21. g3 f4 22. gxf4 Qxh4 23. Ne2 Ngf6 24. Ng3 exf4 25. Bxf4 g5 26. Be3 Ne5 27. Bf1 Nfg4 0-1

[Event "RUS Cup tt"]
[Site "Miass"]
[Date "2007.11.26"]
[Round "9"]
[White "Shishkova, Olga"]
[Black "Ogloblina, Lidiya"]
[Result "0-1"]
[WhiteElo "2058"]
[BlackElo "2165"]
[PlyCount "115"]
[EventDate "2007.11.19"]
[EventType "swiss"]
[EventRounds "10"]
[EventCountry "RUS"]
[SourceTitle "CBM 121 Extra"]
[Source "ChessBase"]
[SourceDate "2008.01.10"]
[SourceVersion "1"]
[SourceVersionDate "2008.01.10"]
[SourceQuality "1"]

1. e4 c5 2. Nf3 e6 3. d4 cxd4 4. Nxd4 Nf6 5. Nc3 Bb4 6. Ndb5 0-0 7. Bf4 Nc6 8. Bd6 a6 9. Bxb4 Nxb4 10. Nd6 Qb6 11. Qd2 Nxc2+ 12. Qxc2 Qxd6 13. Bd3 b6 14. 0-0 Ng4 15. g3 e5 16. h3 Nf6 17. Rfd1 Qe6 18. Bf1 Bb7 19. Qd3 Rfd8 20. Bg2 d6 21. a4 Rac8 22. Qe3 Qb3 23. Rd2 h6 24. Rad1 Qb4 25. Bf3 Ne8 26. Kg2 Qc5 27. Qxc5 Rxc5 28. Be2 Kf8 29. f3 Ke7 30. Nb1 f5 31. exf5 d5 32. Nc3 Nf6 33. Bd3 d4 34. Ne4 Rc7 35. Re1 Nd5 36. Kf2 Ne3 37. g4 Rdc8 38. Ng3 Rc1 39. Rde2 Kd6 40. h4 Nd1+ 41. Kg2 Ne3+ 42. Kf2 a5 43. Nh5 R1c7 44. Kg3 Rf8 45. Rf2 Bd5 46. Kh2 e4 47. Be2 exf3 48. Bxf3 Bxf3 49. Rxf3 Nxg4+ 50. Kg1 Ne5 51. Rb3 Rxf5 52. Rxb6+ Kd5 53. Rb5+ Rc5 54. Rxc5+ Kxc5 55. Nxg7 Nf3+ 56. Kf2 Rf7 57. Rc1+ Kb4 58. h5 0-1

[Event "RUS Cup tt"]
[Site "Miass"]
[Date "2007.11.24"]
[Round "6"]
[White "Shishkova, Olga"]
[Black "Semenova, Irina"]
[Result "0-1"]
[WhiteElo "2058"]
[BlackElo "2216"]
[PlyCount "96"]
[EventDate "2007.11.19"]
[EventType "swiss"]
[EventRounds "10"]
[EventCountry "RUS"]
[SourceTitle "CBM 121 Extra"]
[Source "ChessBase"]
[SourceDate "2008.01.10"]
[SourceVersion "1"]
[SourceVersionDate "2008.01.10"]
[SourceQuality "1"]

1. e4 e5 2. Nf3 Nc6 3. Bb5 a6 4. Ba4 d6 5. c3 g6 6. d4 Bd7 7. 0-0 Bg7 8. Re1 Nge7 9. d5 Nb8 10. Bxd7+ Nxd7 11. c4 0-0 12. Be3 h6 13. Nfd2 f5 14. f3 f4 15. Bf2 g5 16. Nc3 Nf6 17. b4 h5 18. Kf1 Ng6 19. c5 g4 20. Bg1 Kh8 21. Na4 Qe8 22. cxd6 cxd6 23. Nb6 Rd8 24. Rc1 Rf7 25. Rc4 Qg8 26. Qc2 Ne8 27. Rc1 Bf6 28. Rc8 Nh4 29. Qd3 gxf3 30. g3 fxg3 31. hxg3 Qxg3 32. Bf2 Qg2+ 33. Ke1 Qh1+ 34. Qf1 Ng2+ 35. Kd1 Qxf1+ 36. Nxf1 Kh7 37. Nh2 Bg5 38. R1c3 Rxc8 39. Nxc8 Nh4 40. Nb6 Nf6 41. Bxh4 Bxh4 42. Rxf3 Kg6 43. Nc4 Nxe4 44. Re3 Rf4 45. Nf3 Nf2+ 46. Ke2 Rxc4 47. Nxh4+ Rxh4 48. Kxf2 Rxb4 0-1

[Event "RUS Cup tt"]
[Site "Miass"]
[Date "2007.11.20"]
[Round "2"]
[White "Shishkova, Olga"]
[Black "Novikova, Anna"]
[Result "0-1"]
[WhiteElo "2058"]
[BlackElo "2287"]
[PlyCount "70"]
[EventDate "2007.11.19"]
[EventType "swiss"]
[EventRounds "10"]
[EventCountry "RUS"]
[SourceTitle "CBM 121 Extra"]
[Source "ChessBase"]
[SourceDate "2008.01.10"]
[SourceVersion "1"]
[SourceVersionDate "2008.01.10"]
[SourceQuality "1"]

1. e4 c5 2. Nf3 e6 3. d4 cxd4 4. Nxd4 Nf6 5. Nc3 Nc6 6. Be3 Bb4 7. Bd3 d5 8. f3 e5 9. Nxc6 bxc6 10. a3 Be7 11. exd5 cxd5 12. Ne2 0-0 13. 0-0 Be6 14. Ng3 Qd7 15. Qe2 Rfe8 16. Bb5 Qc7 17. Bxe8 Rxe8 18. Rfe1 Nd7 19. Bf2 f5 20. Kh1 f4 21. Nf1 Bf6 22. c3 Qb7 23. Nd2 Qxb2 24. Bxa7 Qxc3 25. a4 Qa5 26. Bf2 e4 27. fxe4 Bxa1 28. Rxa1 Bf7 29. e5 Qc3 30. Rd1 Nxe5 31. Nb1 Qb3 32. a5 f3 33. gxf3 Bh5 34. Nd2 Qa4 35. Kg2 Nxf3 0-1

[Event "Tula Region-ch (Women)"]
[Site "Tula"]
[Date "2007.09.20"]
[Round "6"]
[White "Shishkova, Olga"]
[Black "Grebenshikova, Tatyana"]
[Result "1-0"]
[WhiteElo "2058"]
[BlackElo "1973"]
[PlyCount "55"]
[EventDate "2007.09.15"]
[EventType "swiss"]
[EventRounds "9"]
[EventCountry "RUS"]
[SourceTitle "EXT 2009"]
[Source "ChessBase"]
[SourceDate "2008.11.26"]
[SourceVersion "1"]
[SourceVersionDate "2008.11.26"]
[SourceQuality "1"]

1. e4 e5 2. Nf3 Nf6 3. Nxe5 Qe7 4. Nf3 Qxe4+ 5. Be2 Nc6 6. 0-0 d5 7. Nc3 Qb4 8. d4 Be6 9. Bf4 Bd6 10. a3 Qxb2 11. Na4 Qxa1 12. Qxa1 Bxf4 13. Nc5 Rb8 14. g3 Bd6 15. Nxe6 fxe6 16. Re1 0-0 17. Bf1 Ne4 18. Re3 b5 19. Bd3 b4 20. axb4 Nxb4 21. Bxe4 dxe4 22. Ne1 Rb6 23. Rxe4 Ra6 24. Qd1 c5 25. Rxe6 Bxg3 26. Rxa6 Bxf2+ 27. Kg2 Nxa6 28. Qe2 1-0

[Event "RUS Central Region-ch (Women) "]
[Site "Tula"]
[Date "2007.03.18"]
[Round "2"]
[White "Shishkova, Olga"]
[Black "Kosolapova, Lilia"]
[Result "0-1"]
[WhiteElo "2068"]
[BlackElo "1910"]
[PlyCount "72"]
[EventDate "2007.03.17"]
[EventType "swiss"]
[EventRounds "9"]
[EventCountry "RUS"]
[SourceTitle "EXT 2010"]
[Source "ChessBase"]
[SourceDate "2010.11.25"]
[SourceVersion "1"]
[SourceVersionDate "2010.11.25"]
[SourceQuality "1"]

1. e4 c6 2. Nc3 d5 3. Nf3 dxe4 4. Nxe4 Bg4 5. h3 Bh5 6. Ng3 Bxf3 7. Qxf3 Nf6 8. Bc4 e6 9. 0-0 Be7 10. Re1 0-0 11. d3 Nbd7 12. a4 Nb6 13. Bb3 Nbd5 14. Bg5 h6 15. Bd2 Bc5 16. Rad1 a5 17. Ne4 Be7 18. d4 Nxe4 19. Qxe4 Nf6 20. Qe2 Kh8 21. Bc1 Qc7 22. Qf3 Rad8 23. Bf4 Qb6 24. Qe3 Nh7 25. Qg3 Rd7 26. Qc3 Bb4 27. Qg3 Bxe1 28. Rxe1 Rg8 29. Be5 Re7 30. Qh4 Qd8 31. c3 f6 32. Bg3 Rge8 33. Bc2 Qd5 34. Bg6 Rd8 35. Re5 Qb3 36. Rxa5 Qxb2 0-1

[Event "Tula Suetin Memorial op"]
[Site "Tula"]
[Date "2006.11.25"]
[Round "5"]
[White "Manaenkov, Vladimir Nikolaevic"]
[Black "Shishkova, Olga"]
[Result "1/2-1/2"]
[WhiteElo "2230"]
[BlackElo "2072"]
[PlyCount "64"]
[EventDate "2006.11.21"]
[EventType "swiss"]
[EventRounds "9"]
[EventCountry "RUS"]
[SourceTitle "EXT 2010"]
[Source "ChessBase"]
[SourceDate "2010.11.25"]
[SourceVersion "1"]
[SourceVersionDate "2010.11.25"]
[SourceQuality "1"]

1. d4 Nf6 2. c4 c5 3. d5 e6 4. Nc3 exd5 5. cxd5 d6 6. Nf3 g6 7. g3 Bg7 8. Bg2 0-0 9. 0-0 Re8 10. h3 Na6 11. Nd2 Nc7 12. a4 Rb8 13. Nc4 Bf8 14. Re1 b6 15. e4 Ba6 16. Bf1 Bxc4 17. Bxc4 a6 18. Bg5 Bg7 19. Qd2 Qd7 20. Bf1 Ra8 21. Bg2 b5 22. e5 dxe5 23. Bxf6 Bxf6 24. Ne4 Bg7 25. Nxc5 Qd6 26. Rac1 Rab8 27. Ne4 Qd7 28. Nc5 Qd6 29. a5 f5 30. Nxa6 Nxa6 31. Rc6 Qb4 32. Qc1 Qxa5 1/2-1/2